| 000 | 004230000a22001810004500 | ||
|---|---|---|---|
| 003 | MACL | ||
| 005 | 20160106123900.0 | ||
| 008 | 160106b xxu||||| |||| 00| 0 eng d | ||
| 040 |
_aMACL _cMACL |
||
| 041 | _aEnglish | ||
| 082 | _a823/MAT | ||
| 100 |
_aMathur, S S _928546 |
||
| 245 | _aGems of Fiction | ||
| 260 |
_bS Chand & Company LTD _aDelhi |
||
| 350 | _a2 | ||
| 650 |
_aFiction _928547 |
||
| 942 |
_cBK _k823/MAT _2ddc |
||
| 999 |
_c38954 _d38954 |
||